Jurassic Dinosaurs - Statistics

General Stats
  • This quiz has been taken 92 times
  • The average score is 13 of 23
Answer Stats
Hint Answer % Correct
The tall herbivore seen first in Jurassic Park Brachiosaurus
92%
The "roofed lizard" with a spiny tail Stegosaurus
85%
The "different lizard", or the "Lion of the Jurassic" Allosaurus
83%
Brontosaurus was considered a synonym of this huge herbivore Apatosaurus
83%
The "double-crested" predator that didn't actually spit venom Dilophosaurus
82%
A tiny carnivore with a long name Compsognathus
75%
Long-necked marine reptile said to be still alive in Loch Ness Plesiosaurus
75%
Horned carnivore Ceratosaurus
70%
"Double beam", favorite of steel tycoon Andrew Carnegie Diplodocus
67%
The first dinosaur discovered by modern science Megalosaurus
67%
An early bird found in Germany; the "missing link" Archaeopteryx
62%
The "thunder lizard", mascot of Sinclair oil Brontosaurus
60%
Coil-shelled invertebrate, related to today's nautilus Ammonite
57%
The first flying reptile found by paleontologists Pterodactylus
55%
Chinese long-neck with a cameo in The Lost World: Jurassic Park Mamenchisaurus
53%
Four-finned aquatic predator; purportedly magical. Liopleurodon
48%
"Crowned dragon", a putative ancestor of T. rex Guanlong
37%
A famous fish-like reptile found by a young girl Ichthyosaurus
32%
"Oak lizard", a mid-sized bipedal herbivore from the USA Dryosaurus
27%
"Different-toothed" dinosaur from South Africa Heterodontosaurus
27%
Giant filter-feeding fish Leedsichthys
25%
Primitive armored dinosaur from the UK and possibly Arizona Scelidosaurus
18%
Feathery herbivore from Siberia Kulindadromeus
3%
No matching quizzes found
Score Distribution
Percent of People with Each Score
Percentile by Number Answered
Your Score History
You have not taken this quiz